Score 0/20 Timer 07:00
14 Plays Today
Rank City % Correct
138Denver, USA
74.1%
61Detroit, USA
72.7%
47Dallas, USA
70.3%
5Delhi, India
68.9%
298Dubai, UAE
54.7%
17Dhaka, Bangladesh
51%
152Dakar, Senegal
47.8%
148Damascus, Syria
43.4%
101Durban, South Africa
36.2%
120Dar es Salaam, Tanzania
31.7%
Rank City % Correct
240Donetsk, Ukraine
17.2%
107Dalian, China
16.2%
155Daegu, South Korea
13.8%
192Douala, Cameroon
13%
344Dnipro, Ukraine
12.6%
215Dammam, Saudi Arabia
10.1%
329Davao, Philippines
9.7%
311Daejeon, South Korea
8%
355Daqing, China
5.8%
348Dhanbad, India
5.5%
Remove Ads.
Support Sporcle.
Get the best of Sporcle when you Go Orange. This ad-free experience offers more features, more stats, and more fun while also helping to support Sporcle. Thank you for becoming a member.

You're not logged in!

Compare scores with friends on all Sporcle quizzes.
OR
Log In

Sporcle TV

Today on Sporcle TV


Watch our educational content, quiz creation guides, and fun videos on Sporcle TV.

Show Comments

Extras

Top Quizzes Today


Score Distribution

Paid Content

Your Account Isn't Verified!

In order to create a playlist on Sporcle, you need to verify the email address you used during registration. Go to your Sporcle Settings to finish the process.

Report this User

Report this user for behavior that violates our Community Guidelines.

Details: